[Event "RA-2016-0-00485"]
[Site "LSS email"]
[Date "2016.12.01"]
[Round "?"]
[White "Muniz Pardino, Alberto"]
[Black "Massie, James"]
[Result "0-1"]
[WhiteElo "2195"]
[BlackElo "2014"]
[PlyCount "94"]
[EventDate "2016.11.05"]
[EventType "tourn (corr)"]
[EventRounds "6"]
[EventCountry "GER"]
[SourceTitle "Corr 2022"]
[Source "ChessBase"]
[SourceDate "2021.10.24"]
[SourceVersion "1"]
[SourceVersionDate "2021.10.24"]
[SourceQuality "1"]

1. e4 e5 2. Nf3 Nf6 3. Nxe5 d6 4. Nf3 Nxe4 5. Nc3 Nxc3 6. dxc3 Be7 7. Bd3 0-0 8. Be3 Nc6 9. Qd2 Ne5 10. Nxe5 dxe5 11. 0-0-0 Be6 12. Qe2 Qe8 13. a3 f5 14. f3 Bd6 15. Bd2 Qf7 16. h3 Rae8 17. g4 e4 18. fxe4 f4 19. Qf2 a5 20. Rde1 Bc4 21. Rhf1 f3 22. Be3 b6 23. Kb1 Be6 24. e5 Bxe5 25. Qh4 g6 26. Bh6 Bg7 27. Bxg7 Kxg7 28. Be4 Ba2+ 29. Ka1 Bc4 30. Rxf3 Qe7 31. Qxe7+ Rxe7 32. Rxf8 Kxf8 33. b3 Ba6 34. c4 Kg7 35. Re2 Bb7 36. Bd3 Rxe2 37. Bxe2 Kf6 38. Kb2 Kg5 39. c5 bxc5 40. Bf1 Kf4 41. Kc3 g5 42. b4 axb4+ 43. axb4 Kg3 44. bxc5 Kf2 45. Bc4 Bg2 46. Be6 Bxh3 47. Kd4 h5 0-1

[Event "RB-2016-0-00323"]
[Site "LSS email"]
[Date "2016.09.02"]
[Round "?"]
[White "Massie, James"]
[Black "Koronowski, Heinz Juergen"]
[Result "1/2-1/2"]
[WhiteElo "1982"]
[BlackElo "1988"]
[PlyCount "25"]
[EventDate "2016.07.10"]
[EventType "tourn (corr)"]
[EventRounds "6"]
[EventCountry "GER"]
[SourceTitle "Corr 2022"]
[Source "ChessBase"]
[SourceDate "2021.10.24"]
[SourceVersion "1"]
[SourceVersionDate "2021.10.24"]
[SourceQuality "1"]

1. e4 e5 2. Nf3 Nf6 3. Nc3 Nc6 4. d4 exd4 5. Nd5 Be7 6. Bc4 0-0 7. 0-0 d6 8. Nxd4 Nxd4 9. Qxd4 Nxd5 10. Bxd5 Bf6 11. Qd3 c6 12. Bb3 Be6 13. Be3 1/2-1/2

[Event "RB-2016-0-00320"]
[Site "LSS email"]
[Date "2016.07.21"]
[Round "?"]
[White "Massie, James"]
[Black "Reppert, Victor"]
[Result "1/2-1/2"]
[WhiteElo "1992"]
[BlackElo "1915"]
[PlyCount "72"]
[EventDate "2016.06.02"]
[EventType "tourn (corr)"]
[EventRounds "6"]
[EventCountry "GER"]
[SourceTitle "Corr 2022"]
[Source "ChessBase"]
[SourceDate "2021.10.24"]
[SourceVersion "1"]
[SourceVersionDate "2021.10.24"]
[SourceQuality "1"]

1. e4 c5 2. Ne2 d6 3. g3 Nf6 4. Nbc3 g6 5. Bg2 Bg7 6. d3 Nc6 7. h3 0-0 8. 0-0 Rb8 9. f4 Nd7 10. a4 a6 11. Be3 b5 12. axb5 axb5 13. e5 Qc7 14. exd6 Qxd6 15. f5 b4 16. Ne4 Qc7 17. c3 bxc3 18. bxc3 Nce5 19. d4 gxf5 20. Rxf5 Nc4 21. Bf4 e5 22. dxe5 Ndxe5 23. Rg5 Rd8 24. Qf1 f5 25. Nf6+ Kh8 26. Nh5 Bh6 27. Rxf5 Bxf5 28. Bxh6 Qf7 29. Nef4 Ne3 30. Qe2 N5c4 31. Bd5 Nxd5 32. Qxc4 Bg6 33. Nxd5 Bxh5 34. Qf4 Qxf4 35. Bxf4 Rxd5 36. Bxb8 Rd1+ 1/2-1/2

[Event "RB-2016-0-00320"]
[Site "LSS email"]
[Date "2016.07.21"]
[Round "?"]
[White "Massie, James"]
[Black "Vorobjev, Albert"]
[Result "1-0"]
[WhiteElo "1992"]
[BlackElo "2068"]
[PlyCount "79"]
[EventDate "2016.06.02"]
[EventType "tourn (corr)"]
[EventRounds "6"]
[EventCountry "GER"]
[SourceTitle "Corr 2022"]
[Source "ChessBase"]
[SourceDate "2021.10.24"]
[SourceVersion "1"]
[SourceVersionDate "2021.10.24"]
[SourceQuality "1"]

1. e4 g6 2. d4 Bg7 3. c4 Nc6 4. Nf3 e5 5. d5 Nd4 6. Nxd4 exd4 7. Bd3 d6 8. 0-0 Nf6 9. Nd2 0-0 10. h3 Nd7 11. Nf3 c5 12. Bd2 b6 13. Qc2 Qe7 14. Rae1 f6 15. b3 Ne5 16. Nh2 Bd7 17. f4 Nxd3 18. Qxd3 Rab8 19. Qg3 b5 20. cxb5 Bxb5 21. Rf3 Bh6 22. Ng4 Bg7 23. h4 h6 24. f5 g5 25. hxg5 hxg5 26. Qh2 c4 27. bxc4 Bxc4 28. Rh3 d3 29. Rh7 Rb7 30. Qh5 Qe8 31. Rxg7+ Kxg7 32. Qh6+ Kg8 33. Nxf6+ Rxf6 34. Qxf6 Qe5 35. Qd8+ Kf7 36. Qxg5 Qd4+ 37. Kf1 Qf6 38. Qh5+ Kf8 39. Rc1 Rc7 40. Bh6+ 1-0

[Event "RB-2016-0-00318"]
[Site "LSS email"]
[Date "2016.07.04"]
[Round "?"]
[White "Massie, James"]
[Black "Nowak, Ireneusz"]
[Result "1/2-1/2"]
[WhiteElo "1991"]
[BlackElo "2082"]
[PlyCount "87"]
[EventDate "2016.04.08"]
[EventType "tourn (corr)"]
[EventRounds "6"]
[EventCountry "GER"]
[SourceTitle "Corr 2022"]
[Source "ChessBase"]
[SourceDate "2021.10.24"]
[SourceVersion "1"]
[SourceVersionDate "2021.10.24"]
[SourceQuality "1"]

1. e4 c5 2. Nf3 d6 3. d4 cxd4 4. Nxd4 Nf6 5. Nc3 g6 6. Be3 Bg7 7. f3 0-0 8. Qd2 Nc6 9. 0-0-0 d5 10. exd5 Nxd5 11. Nxc6 bxc6 12. Bd4 Bxd4 13. Qxd4 Qb6 14. Qe5 e6 15. h4 f6 16. Qd4 Qxd4 17. Rxd4 Nxc3 18. bxc3 Rb8 19. h5 g5 20. Bd3 Rb6 21. Ra4 Rb7 22. Rd1 Rc7 23. Ba6 Kf7 24. Bxc8 Rfxc8 25. Rad4 Ke7 26. Rb4 f5 27. g3 e5 28. Ra4 Rb8 29. Rc4 h6 30. Rd5 Ke6 31. Ra5 Kd6 32. Rb4 Re8 33. Kd2 Ke6 34. Rc4 Ree7 35. Ra6 Kd6 36. Rb4 Rc8 37. Ke2 Rg8 38. Kf2 Rc8 39. Rba4 Rb8 40. Rb4 Rb6 41. Raa4 Rbb7 42. Rb3 Red7 43. Ke2 Re7 44. Rbb4 1/2-1/2

[Event "WC-2016-P-00007"]
[Site "LSS email"]
[Date "2016.01.22"]
[Round "?"]
[White "Bogomolov, Alexander"]
[Black "Massie, James"]
[Result "1-0"]
[WhiteElo "2152"]
[BlackElo "2004"]
[PlyCount "43"]
[EventDate "2016.01.28"]
[EventType "tourn (corr)"]
[EventRounds "12"]
[EventCountry "GER"]
[SourceTitle "Corr 2022"]
[Source "ChessBase"]
[SourceDate "2021.10.24"]
[SourceVersion "1"]
[SourceVersionDate "2021.10.24"]
[SourceQuality "1"]

1. e4 a5 2. d4 e6 3. Nc3 d5 4. Bd3 Bb4 5. e5 c5 6. Qg4 Ne7 7. Qxg7 Rg8 8. Qxh7 cxd4 9. a3 dxc3 10. axb4 Nbc6 11. Nf3 Qc7 12. 0-0 Nxe5 13. Qh5 Nxd3 14. cxd3 d4 15. bxc3 dxc3 16. Re1 b5 17. Ng5 Rg6 18. Qh8+ Rg8 19. Qh7 Rf8 20. Ne4 Bb7 21. Nf6+ Kd8 22. Bh6 1-0